000 00541 a2200229 4500
260 _aParis
630 _a33 - Economie. Economie politique
037 _b1, Achat
650 _a3 - SCIENCES SOCIALES
100 _aBettelheim, Charles
440 _n13
260 _bEd. F. Maspero
245 _aCalcul économique et formes de propriété
300 _a141p
650 _aEconomie : calcul : monnaie
300 _b24 cm
100 _lfr
440 _aEconomie et socialisme
037 _aDE 5215
999 _c38566
_d38566